Welcome to WEB OPAC of MRSPTU Central Library

Finite Element Methods-(For Structural Engineers) (Record no. 2709)

MARC details
000 -LEADER
fixed length control field 00414nam a2200157Ia 4500
008 - FIXED-LENGTH DATA ELEMENTS--GENERAL INFORMATION
fixed length control field 230711s9999||||xx |||||||||||||| ||und||
041 ## - LANGUAGE CODE
Language code of text/sound track or separate title ENG
082 ## - DEWEY DECIMAL CLASSIFICATION NUMBER
Classification number 621
Item number RA-F
100 ## - MAIN ENTRY--PERSONAL NAME
Personal name Al-Rifaie,,Wail N
245 #0 - TITLE STATEMENT
Title Finite Element Methods-(For Structural Engineers)
250 ## - EDITION STATEMENT
Edition statement 1st Ed.
260 ## - PUBLICATION, DISTRIBUTION, ETC.
Date of publication, distribution, etc. 1992
Place of publication, distribution, etc. New Delhi
Name of publisher, distributor, etc. Wiley Eastern Limited
650 ## - SUBJECT ADDED ENTRY--TOPICAL TERM
Topical term or geographic name entry element Civil Engineering
700 ## - ADDED ENTRY--PERSONAL NAME
Personal name Govil,Ashok K
942 ## - ADDED ENTRY ELEMENTS (KOHA)
Koha item type Book
Holdings
Withdrawn status Lost status Damaged status Not for loan Collection Home library Current library Date acquired Total checkouts Full call number Barcode Date last seen Price effective from Koha item type
          MRSPTU Central Library MRSPTU Central Library     621 RA-F 10501 08/17/2023 08/17/2023 Book
          MRSPTU Central Library MRSPTU Central Library     621 RA-F 10502 08/17/2023 08/17/2023 Book
          MRSPTU Central Library MRSPTU Central Library     621 RA-F 10503 08/17/2023 08/17/2023 Book
          MRSPTU Central Library MRSPTU Central Library     621 RA-F 10504 08/17/2023 08/17/2023 Book
          MRSPTU Central Library MRSPTU Central Library     621 RA-F 10505 08/17/2023 08/17/2023 Book

Website Designed and Developed by MRSPTU Central Library Team

E-mail Id: librarian@mrsptu.ac.in